Statistics for Top 10 youngest goal scorers in the premier league

Click here to take the quiz!

General Stats

  • This quiz has been taken 1,586 times
  • The average score is 3 of 10

Answer Stats

HintAnswer% Correct
3. Everton16 years 364 daysWayne Rooney
95%
5. Liverpool17 days 148 daysMichael Owen
65%
2. Leeds United16 years 360 daysJames Milner
38%
4. Arsenal17 days 118 daysCesc Fabregas
27%
7. Manchester United17 years 231 daysFederico Macheda
26%
8. Liverpool17 years 321 daysRaheem Sterling
25%
1. Everton16 years 274 daysJames Vaughan
22%
10. Everton17 years 348 daysDanny Cadamarteri
3%
6. Tottenham Hotspur17 years 166 daysAndy Turner
2%
9. Chelsea17 years 346 daysMikael Forssel
2%

Score Distribution

Percentile by Number Answered

Percent of People with Each Score

Your Score History

You have not taken this quiz